000 00729nam a2200277Ia 4500
003 OSt
005 20220912151756.0
006 a|||||r|||| 00| 0
007 ta
008 220909b |||||||| |||| 00| 0 eng d
024 _a54289
037 _cTextual
040 _aCSL
_beng
_cCSL
041 _aeng
082 _aK884, J2
100 _aWharton G W
245 0 _aManual of the Chiggers
260 _aWashington
_bThe Entomological Society
_c1952
300 _a186p.
_ccm.
490 _aMemoris of the Entomological Society of Washington; 4
500 _aAppendix 150-151p
650 _a Arthropoda
650 _aZoology
942 _hK884, J2
_cTEXL
_2CC
999 _c75069
_d75069